Swamy's annual-2006 : compendium on service matters (Record no. 4574)

MARC details
000 -LEADER
fixed length control field 00474 a2200169 4500
000 - LEADER
fixed length control field BKB
001 - CONTROL NUMBER
control field 071230
005 - DATE AND TIME OF LATEST TRANSACTION
control field 20200902150942.0
008 - FIXED-LENGTH DATA ELEMENTS--GENERAL INFORMATION
fixed length control field
082 ## - DEWEY DECIMAL CLASSIFICATION NUMBER
Classification number 351.160954
Item number M98S
100 1# - MAIN ENTRY--PERSONAL NAME
Personal name Muthuswamy
245 1# - TITLE STATEMENT
Title Swamy's annual-2006 : compendium on service matters
Statement of responsibility, etc by Muthuswamy and Brinda
260 ## - PUBLICATION, DISTRIBUTION, ETC. (IMPRINT)
Place of publication, distribution, etc Chennai
Name of publisher, distributor, etc Swamy Pub.
Date of publication, distribution, etc 2007
300 ## - PHYSICAL DESCRIPTION
Extent 448p.
690 ## - LOCAL SUBJECT ADDED ENTRY--TOPICAL TERM (OCLC, RLIN)
Topical term or geographic name as entry element Swamy; General Reference;
700 ## - ADDED ENTRY--PERSONAL NAME
Personal name Brinda
Numeration
Titles and other words associated with a name
Holdings
Withdrawn status Lost status Damaged status Not for loan Home library Current library Date acquired Cost, normal purchase price Total Checkouts Full call number Barcode Date last seen Price effective from Koha item type
        Central University Of Rajasthan Central University Of Rajasthan 07/03/2012 500.00   351.160954 M98S 5519 21/11/2024 02/09/2020 Books
        Central University Of Rajasthan Central University Of Rajasthan 07/03/2012 500.00   351.160954 M98S 5517 21/11/2024 02/09/2020 Books
        Central University Of Rajasthan Central University Of Rajasthan 07/03/2012 500.00   351.160954 M98S 5518 21/11/2024 02/09/2020 Books